| 000 | 00425cam a2200181ua 4500 | ||
|---|---|---|---|
| 001 | 7871 | ||
| 008 | 160705n1997 II |||gr||||Z||||||asm | ||
| 040 | _aMAIN | ||
| 041 | _aEnglish | ||
| 082 | _a512 SHA | ||
| 100 | _aSHARMA, DILIP. | ||
| 245 | _aUCHATTAR MADHYAMIK BIJ GANIT | ||
| 260 |
_aGUWAHATI _bSANGAM PRAKASH _c1997 |
||
| 300 |
_a490: _c20CM. |
||
| 653 | _aAlgebra | ||
| 700 |
_aSHARMA, DILIP., _eAuthor. |
||
| 942 | _cBK | ||
| 999 |
_c7854 _d7854 |
||